000 01696nam a22003737a 4500
001 103636
003 KnowledgeUnlatched
005 20210303105133.0
006 m o d
007 cr u||||||||||
008 210129p20082019xx o u00| u eng d
037 _5BiblioBoard
245 0 0 _aOn Melancholy
_bRufus of Ephesus /
_cPeter E. Pormann.
020 _a9783161564420
029 1 _ahttps://library.biblioboard.com/ext/api/media/1769d6af-ffdf-4c0c-b9b7-4415577ee946/assets/thumbnail.jpg
040 _aScCtBLL
_cScCtBLL
506 0 _aAccess copy available to the general public.
_fUnrestricted
_2star
700 1 _aPormann, Peter E.
_eeditor.
264 1 _bMohr Siebeck,
300 _a1 online resource (349 p.)
520 _aRufus of Ephesus' (fl. ca. AD 100) On Melancholy deals with a medical condition oscillating between madness, depression, and bouts of great creativity. This collection of the Greek, Latin, and Arabic fragments makes this text easily available for the first time.
588 0 _aDescription based on print version record.
590 _aKU Open Services
650 7 _aPhilosophy / Epistemology
_2bisacsh
650 7 _aReligion
_2bisacsh
650 7 _aReligion / History
_2bisacsh
650 0 _aReligion
655 0 _aElectronic books.
758 _iIs found in:
_aKnowledge Unlatched
_1https://openresearchlibrary.org/module/2774bc74-146a-484f-a7ba-ab1d6a09bbfb
856 4 0 _uhttps://openresearchlibrary.org/content/1769d6af-ffdf-4c0c-b9b7-4415577ee946
_zView this content on Open Research Library.
_70
999 _c33726
_d33726